000 01107cam a22002651i 4500
003 SA_RiAUC
005 20241016075822.0
008 241015s2010____su g b 000 0 ara c
040 _aHARAM
_bara
_cSA-RiAUC
_erda
082 0 4 _a251.6
_qSA-RiAUC
090 _a251.6
_bب ا ح
100 1 _aالباحسين، يعقوب بن عبد الوهاب،
_d1347 هجري-
_eمؤلف.
245 1 2 _aالمعايير الجلية في التمييز بين الأحكام والقواعد والضوابط الفقهية /
_cيعقوب بن عبد الوهاب الباحسين.
250 _aالطبعة الثالثة.
264 1 _aالرياض :
_bمكتبة الرشد ناشرون،
_c2010
300 _a182 صفحة ؛
_c24 سم
336 _aنص
_btxt
_2rdacontent
_3كتاب
337 _aبدون وسيط
_bn
_2rdamedia
338 _aمجلد
_bnc
_2rdacarrier
504 _aيشتمل على ببليوجرافية.
650 7 _aالقواعد الفقهية
_2aucsh
650 7 _aأصول الفقه الإسلامي
_2aucsh
942 _2ddc
_cBOOK
_n0
949 _aSA-JeALM
_d241015
_umohamedma123
_n1
999 _c1398
_d1398